[Event "Budapest-chT1 Lilienthal 1718"]
[Site "Budapest"]
[Date "2018.02.11"]
[Round "9"]
[White "Czagler, Laszlo"]
[Black "Bekasi, Zsolt"]
[Result "1/2-1/2"]
[WhiteElo "1498"]
[BlackElo "1294"]
[PlyCount "68"]
[EventDate "2017.10.01"]
[EventType "team-tourn"]
[EventRounds "13"]
[EventCountry "HUN"]
[SourceTitle "EXT 2021"]
[Source "ChessBase"]
[SourceDate "2020.10.23"]
[SourceVersion "1"]
[SourceVersionDate "2020.10.23"]
[SourceQuality "1"]
[WhiteTeam "Csepel"]
[BlackTeam "Palota Sakk"]
[WhiteTeamCountry "HUN"]
[BlackTeamCountry "HUN"]

1. d4 d5 2. c4 c6 3. Nf3 Bg4 4. Nc3 Nd7 5. cxd5 cxd5 6. Nxd5 e6 7. Nc3 Rc8 8. e4 Ngf6 9. e5 Nd5 10. Nxd5 exd5 11. Bd2 Qb6 12. Bc3 Bb4 13. Rc1 0-0 14. Be2 Rc7 15. 0-0 Rfc8 16. Qd2 Bxf3 17. Bxf3 Bxc3 18. Rxc3 Qa5 19. Rfc1 Nf8 20. Qe3 Rxc3 21. Rxc3 Rxc3 22. Qxc3 Qxa2 23. h3 g6 24. b3 Qb1+ 25. Kh2 Qf5 26. Qc5 Qf4+ 27. Kg1 Ne6 28. Qxd5 Nxd4 29. Qxb7 Qc1+ 30. Kh2 Qf4+ 31. Kg1 Qc1+ 32. Kh2 Qf4+ 33. Kg1 Qc1+ 34. Kh2 Qf4+ 1/2-1/2

[Event "HUN-chT2 Erkel 1617"]
[Site "Hungary"]
[Date "2016.09.25"]
[Round "1.11"]
[White "Bartuszek, Andras"]
[Black "Bekasi, Zsolt"]
[Result "1-0"]
[WhiteElo "1760"]
[BlackElo "1244"]
[PlyCount "69"]
[EventDate "2016.09.25"]
[EventType "team-tourn"]
[EventRounds "11"]
[EventCountry "HUN"]
[SourceTitle "EXT 2021"]
[Source "ChessBase"]
[SourceDate "2020.10.23"]
[SourceVersion "1"]
[SourceVersionDate "2020.10.23"]
[SourceQuality "1"]
[WhiteTeam "Budapest Kobanya II"]
[BlackTeam "Szigetszentmiklos"]
[WhiteTeamCountry "HUN"]
[BlackTeamCountry "HUN"]

1. e4 e5 2. Nf3 Nc6 3. Bb5 d6 4. c3 Bg4 5. h3 Bh5 6. d3 Nge7 7. Bg5 h6 8. Be3 g5 9. Nbd2 f6 10. d4 Kf7 11. Nxe5+ Nxe5 12. Qxh5+ N5g6 13. 0-0-0 c6 14. Bd3 Kg7 15. g3 Qe8 16. Qe2 b5 17. f4 Nc8 18. h4 Be7 19. f5 Nf8 20. hxg5 hxg5 21. Rxh8 Kxh8 22. Rh1+ Nh7 23. e5 dxe5 24. dxe5 Qf7 25. e6 Qg7 26. Qg2 Nd6 27. Qxc6 Rc8 28. Qd7 Rd8 29. Qxa7 Nc8 30. Qb7 Rxd3 31. Qxc8+ Rd8 32. Qb7 Rd3 33. Bb6 Rxg3 34. Qb8+ Qf8 35. Qxg3 1-0

[Event "Budapest-chT1 Lilienthal 1516"]
[Site "Budapest"]
[Date "2015.10.11"]
[Round "3"]
[White "Zoltan, Andras"]
[Black "Bekasi, Zsolt"]
[Result "1-0"]
[WhiteElo "1862"]
[BlackElo "1307"]
[PlyCount "41"]
[EventDate "2015.09.20"]
[EventType "team-tourn"]
[EventRounds "9"]
[EventCountry "HUN"]
[SourceTitle "EXT 2021"]
[Source "ChessBase"]
[SourceDate "2020.10.23"]
[SourceVersion "1"]
[SourceVersionDate "2020.10.23"]
[SourceQuality "1"]
[WhiteTeam "Penzugyor III"]
[BlackTeam "REAC SISE"]
[WhiteTeamCountry "HUN"]
[BlackTeamCountry "HUN"]

1. e4 e5 2. Bc4 Nf6 3. d4 Bd6 4. Nf3 Qe7 5. 0-0 0-0 6. Re1 b6 7. Bg5 h6 8. Bh4 c6 9. Bg3 exd4 10. e5 Bb4 11. exf6 Qxf6 12. Be5 Qg6 13. Bd3 f5 14. c3 dxc3 15. Nxc3 d6 16. Qb3+ Kh8 17. Qxb4 c5 18. Qf4 dxe5 19. Nxe5 Qh7 20. Nf7+ Kg8 21. Bc4 1-0

[Event "Budapest-chT1 Lilienthal 1516"]
[Site "Budapest"]
[Date "2015.09.20"]
[Round "1"]
[White "Bekasi, Zsolt"]
[Black "Cseke, Viktoria"]
[Result "0-1"]
[WhiteElo "1307"]
[BlackElo "1405"]
[PlyCount "74"]
[EventDate "2015.09.20"]
[EventType "team-tourn"]
[EventRounds "9"]
[EventCountry "HUN"]
[SourceTitle "EXT 2021"]
[Source "ChessBase"]
[SourceDate "2020.10.23"]
[SourceVersion "1"]
[SourceVersionDate "2020.10.23"]
[SourceQuality "1"]
[WhiteTeam "REAC SISE"]
[BlackTeam "Siketek"]
[WhiteTeamCountry "HUN"]
[BlackTeamCountry "HUN"]

1. e4 e6 2. d4 d5 3. e5 c5 4. c3 c4 5. Bf4 Be7 6. Nf3 h6 7. Be2 f5 8. exf6 Nxf6 9. 0-0 Nc6 10. Na3 Bd7 11. Nc2 0-0 12. b3 b5 13. b4 Ne4 14. Bd2 Bd6 15. Qe1 e5 16. Nxe5 Nxe5 17. dxe5 Bxe5 18. f3 Nxd2 19. Qxd2 Be6 20. f4 Bc7 21. a4 Bb6+ 22. Kh1 a6 23. a5 Bc7 24. Nd4 Qd7 25. Qe3 Bg4 26. Bxg4 Qxg4 27. g3 Rae8 28. Qd2 Re4 29. Rae1 Kh8 30. Nc6 Rxe1 31. Rxe1 Qf3+ 32. Kg1 Qg4 33. Qxd5 Bxf4 34. Rf1 Be3+ 35. Kg2 Qe2+ 36. Rf2 Rxf2+ 37. Kg1 Rf1# 0-1